Женщины-протагонисты - Statistics

General Stats
  • This quiz has been taken 29 times
  • The average score is 6 of 20
Answer Stats
Picture Hint Answer % Correct
Холодное сердце Эльза
89%
Тайна третьей планеты / Гостья из будущего Алиса Селезнёва
86%
Tomb Raider Лара Крофт
82%
[имя и есть название франшизы] Чудо-женщина
68%
[имя] - королева воинов Зена
43%
[имя и есть название] Байонетта
36%
Portal Челл
25%
Life Is Strange Макс Колфилд
21%
[имя и есть название франшизы] Бриджит Джонс
21%
Чужой / Чужие Эллен Рипли
21%
Nier: Automata 2B
21%
[имя и есть название франшизы] Харухи Судзумия
18%
Молчание ягнят Кларисса Старлинг
18%
Убить Билла Беатрис Кидо
14%
Не моя вина, что я не популярна Томоко Куроки
14%
Metroid Самус Аран
11%
Зверополис Джоди Хопс
11%
Control Джесси Фейден
7%
Hellblade Сенуа
7%
Resident Evil 3 Джилл Валентайн
7%
No matching quizzes found
Score Distribution
Percent of People with Each Score
Percentile by Number Answered
Your Score History
You have not taken this quiz